Language Quiz

Random Language or Country Quiz

Top Official Languages Quiz Stats

 Plays Quiz Updated Jan 14, 2020

Support Sporcle.
Go Orange.
Score 0/15 Timer 04:00
3 Plays Today
# of Countries Language % Correct
54English
99.9%
19Spanish
99%
29French
98.7%
3Mandarin Chinese
95.1%
6German
93%
4Russian
84.6%
3Italian
81.1%
25Arabic
79.4%
# of Countries Language % Correct
8Portuguese
76.4%
3Dutch
62.5%
3Swahili
46.1%
3Serbian
19.7%
4Malay
18.9%
3Albanian
17%
3Sotho
11.3%

From the Vault

Commonest English Words...In Hit Songs

by SporcleEXP

Music 9m
Start humming, and you should be able to get a few.
Remove Ads.
Support Sporcle.
Get the best of Sporcle when you Go Orange. This ad-free experience offers more features, more stats, and more fun while also helping to support Sporcle. Thank you for becoming a member.

Show Comments

Extras

Top Quizzes Today


Score Distribution

Your Account Isn't Verified!

In order to create a playlist on Sporcle, you need to verify the email address you used during registration. Go to your Sporcle Settings to finish the process.

Report this User

Report this user for behavior that violates our Community Guidelines.

Details: